Score 0/56 Timer 10:00
21 Plays Today
% Correct
Harry Potter
99.9%
Ron Weasley
99.5%
Hermione Granger
99%
Professor Snape
98.7%
Draco Malfoy
98.6%
Professor Dumbledore
98.6%
Lord Voldemort
98.4%
Rubeus Hagrid
98%
Ginny Weasley
98%
Dobby
97.5%
Fred Weasley
97.2%
George Weasley
97.1%
Sirius Black
97%
Lucius Malfoy
96.5%
Neville Longbottom
96.2%
Luna Lovegood
96%
Molly Weasley
94.5%
Alastor Moody
94.4%
Bellatrix Lestrange
94.3%
Arthur Weasley
94.1%
Professor Lupin
93.4%
Hedwig
93.2%
Cho Chang
93.1%
Professor McGonagall
93%
Nearly Headless Nick
92.8%
Vernon Dursley
92.2%
Dudley Dursley
91.8%
Moaning Myrtle
91.7%
% Correct
Peter Pettigrew
90.2%
Cedric Diggory
89.1%
Viktor Krum
89%
Nagini
88.7%
Gregory Goyle
88.2%
Argus Filch
87.4%
Vincent Crabbe
86.9%
Fleur Delacour
86.2%
Professor Umbridge
85.6%
Professor Lockhart
85.5%
Rita Skeeter
85.1%
Professor Quirrell
83.8%
Buckbeak
83.5%
Seamus Finnigan
83.5%
Kreacher
83%
Crookshanks
81.1%
Professor Trelawney
79.6%
Professor Flitwick
78.5%
Professor Sprout
76.9%
Minister Kingsley Shacklebolt
76.9%
Dean Thomas
75.7%
Xenophilius Lovegood
75%
Professor Slughorn
74.6%
Madam Hooch
72.8%
Mr Ollivander
70.6%
Grawp
67.7%
Bathilda Bagshot
61.7%
Rufus Scrimgeour
57.9%
Remove Ads.
Support Sporcle.
Get the best of Sporcle when you Go Orange. This ad-free experience offers more features, more stats, and more fun while also helping to support Sporcle. Thank you for becoming a member.

You're not logged in!

Compare scores with friends on all Sporcle quizzes.
OR
Log In

Show Comments

Extras

Top Quizzes Today


Score Distribution

Your Account Isn't Verified!

In order to create a playlist on Sporcle, you need to verify the email address you used during registration. Go to your Sporcle Settings to finish the process.

Report this User

Report this user for behavior that violates our Community Guidelines.

Details: